000 00602nam a2200193Ia 4500
005 20250508164926.0
008 008 250505s9999 xx 000 0 hin d
037 _aDissertations
040 _aFEDL
_beng
_cFEDL
041 _ahin
_2eng
084 _a375.33, BHO/DI
_qFEDL
100 _aBholan Kaur
_9775507
245 0 _aDelhi ke kuch chune hue vidyalayon mein madhyamik ster par arthshastra shikshan ki samassayon ka addhyan
260 _c1995
300 _a68p.
546 _aM.Ed Dissertation (Delhi University)
942 _cDIS
_h375.33, BHO/DI
999 _c1392059
_d1392059